Cross examination : (Record no. 94059)

MARC details
000 -LEADER
fixed length control field 00734nam a22002297a 4500
005 - DATE AND TIME OF LATEST TRANSACTION
control field 20150807112818.0
010 ## - LCCN (DPL NO)
LC control number ENG-113179
020 ## - INTERNATIONAL STANDARD BOOK NUMBER
Terms of availability 1195.00
International Standard Book Number 9788180386442
035 ## - SYSTEM CONTROL NUMBER
System control number EN-96711
037 ## - SOURCE OF ACQUISITION
Source of stock number/acquisition DBAD/PUB
082 ## - DEWEY DECIMAL CLASSIFICATION NUMBER
Classification number 347.91
100 ## - MAIN ENTRY--PERSONAL NAME
Personal name Ramanatha Aiyer, P.
245 ## - TITLE STATEMENT
Title Cross examination :
Statement of responsibility, etc by P.Ramanatha Aiyer [and] N.S. Ranganatha Aiyer
Remainder of title principles and precedents /
250 ## - EDITION STATEMENT
Edition statement 4th ed by M.R. Mallick
260 ## - PUBLICATION, DISTRIBUTION, ETC. (IMPRINT)
Name of publisher, distributor, etc LexisNexis
Date of publication, distribution, etc 2011
Place of publication, distribution, etc Gurgaon
270 ## - ADDRESS
City Gurgaon
Postal code 122002
Address 14th Floor, Building NO.10, Tower-B, DLF Cyber City, Phase-II,
300 ## - PHYSICAL DESCRIPTION
Extent lxxii,1085p.
Dimensions 25cm(Hb)
500 ## - GENERAL NOTE
General note Includes index
700 ## - ADDED ENTRY--PERSONAL NAME
Personal name Ranganatha Aiyer, N.S.
700 ## - ADDED ENTRY--PERSONAL NAME
Personal name Mallick, M.R.
942 ## - ADDED ENTRY ELEMENTS (KOHA)
Source of classification or shelving scheme Dewey Decimal Classification
Item type English Books
Call number suffix RAM
Call number prefix 347.91
Holdings
Withdrawn status Lost status Not for loan Collection code Home library Current library Date acquired Source of acquisition Cost, normal purchase price Full call number Barcode Copy number Cost, replacement price Koha item type
    Not For Loan Non-fiction D.B.Act.Division D.B.Act.Division 03/06/2015 DBAD/PUB 1195.00 347.91 RAM EN-96711 1 1195.00 English Books

© Delhi Public Library
Hit Counter
free hit counter